000 00321nam a2200133Ia 4500
008 210210b1961 xxu||||| |||| 00| 0 eng d
041 _aeng
082 _a534/14
100 _aBROWN (Clement)
245 _aSound recording works like this
260 _aLondon
_bPhoenix House
_c1961
690 _aSound
906 _a008502
999 _c126436
_d126436